000 00603nam a2200193 a 4500
005 20140310183415.0
008 070907s19uu xx 00 eng d
020 _a9789715845489
050 _aRT 71
_b.F84 2007
100 _aBradshaw, Martha J.
245 _aInnovative teaching strategies in nursing and related health professions /
_cMartha J. Bradshaw.
260 _aSudbury, Massachussetts :
_bJones and Bartlett Publishers,
_c2007.
300 _a471 p. :
_c23 cm.
521 _aNUR
650 _aNursing
_xStudy and teaching.
942 _cBK
_2lcc
_kFOR
999 _c22564
_d22564